[Event "Euro Online U2300 Day 2"]
[Site "chess.com INT"]
[Date "2020.05.26"]
[Round "7"]
[White "Bruil, Rembrandt"]
[Black "Droin, Augustin"]
[Result "1/2-1/2"]
[WhiteTitle "CM"]
[BlackTitle "FM"]
[WhiteElo "2105"]
[BlackElo "2313"]
[WhiteFideId "1053590"]
[BlackFideId "45105987"]
[EventDate "2020.05.26"]

1. g3 e5 2. Bg2 d5 3. d3 Nf6 4. Nf3 Bd6 5. O-O O-O 6. Bg5 Nbd7 7. Nbd2 h6 8.
Bxf6 Nxf6 9. e4 c6 10. c3 dxe4 11. dxe4 Be6 12. Qe2 b5 13. a4 a6 14. Rfd1 Qb6
15. Nf1 Rfd8 16. axb5 cxb5 17. Ne3 Nxe4 18. Nxe5 Bxe5 19. Bxe4 Rxd1+ 20. Rxd1
Rd8 21. Nd5 Qc5 22. Nb4 Rxd1+ 23. Qxd1 a5 24. Qd8+ Qf8 25. Qxa5 Bc4 26. Bd5 Be2
27. Qa7 Bd6 28. Nc6 Qe8 29. Qe3 Qxe3 30. fxe3 Bg4 31. Nd4 b4 32. c4 Kf8 33. Kf2
Ke7 34. Nb3 Be5 35. Nd4 Kd6 36. Ke1 Kc5 37. Nb3+ Kd6 38. Nd4 Kc5 39. Nb3+ Kd6
40. Bxf7 Bxb2 41. c5+ Kc6 42. Be8+ Kd5 43. Bf7+ Ke4 44. Nd2+ Kd3 45. Bg6+ Kc3
46. c6 b3 47. Bf7 Bc1 48. Nxb3 Bxe3 49. c7 Bb6 50. Nd2 Bxc7 51. Ne4+ Kd4 52. Nf2
Bf3 53. Kf1 Ke3 54. Bc4 g5 55. Kg1 Bb6 56. Kf1 Kd2 57. Bb5 h5 58. Bc4 g4 59. Bb5
Bc7 60. Kg1 Ke3 61. Nd3 Bb6 62. Nf4 h4 63. Ng2+ Kd2+ 64. Kf1 h3 65. Nf4 Be3 66.
Be2 Bxf4 67. Bxf3 Bxg3 68. Bxg4 Bxh2 69. Bxh3 1/2-1/2

[Event "Euro Online U2300 Day 2"]
[Site "chess.com INT"]
[Date "2020.05.26"]
[Round "7"]
[White "Tomilova, Elena"]
[Black "Ismayilov, Firuz"]
[Result "1-0"]
[WhiteTitle "WGM"]
[WhiteElo "2353"]
[BlackElo "1590"]
[WhiteFideId "4162340"]
[BlackFideId "13416561"]
[EventDate "2020.05.26"]

1. d4 g6 2. e4 Bg7 3. Nc3 Nc6 4. d5 Nd4 5. Nge2 Nxe2 6. Bxe2 d6 7. Be3 Nf6 8. f3
O-O 9. Qd2 c6 10. O-O-O cxd5 11. exd5 a6 12. Bh6 b5 13. h4 b4 14. Ne4 Nxe4 15.
fxe4 Bxh6 16. Qxh6 f6 17. Kb1 Bd7 18. g4 Rf7 19. Qe3 Qc7 20. g5 Rc8 21. Bd3 Bg4
22. Rdg1 Bh5 23. Rh2 a5 24. Bf1 Qc5 25. Qg3 f5 26. Bh3 Bg4 27. Bxg4 fxg4 28.
Qxg4 Kg7 29. Qd1 Rf2 30. Rxf2 Qxf2 31. Rh1 Qg2 32. Re1 Qf2 33. Rh1 Qg2 34. Qd4+
Kg8 35. Rc1 Qe2 36. Qd3 Qf2 37. Qa6 Qc5 38. b3 Rc7 39. Qe2 a4 40. bxa4 Qc3 41.
Qd3 Qe5 42. Rf1 Qh2 43. a5 Rc3 44. Qd1 Qxh4 45. a6 Ra3 46. Qe2 Qxg5 47. Qf2 Qf6
48. Qxf6 exf6 49. Rxf6 Rxa6 50. e5 Kg7 51. Kb2 Ra3 52. Rxd6 h5 53. Rd7+ Kh6 54.
e6 Re3 55. e7 h4 56. d6 h3 57. Rd8 Kh7 58. e8=Q Rxe8 59. Rxe8 g5 60. d7 1-0

[Event "Euro Online U2300 Day 2"]
[Site "chess.com INT"]
[Date "2020.05.26"]
[Round "7"]
[White "Haring, Viktor"]
[Black "Kacharava, Nikolozi"]
[Result "1-0"]
[WhiteTitle "FM"]
[BlackTitle "IM"]
[WhiteElo "2298"]
[BlackElo "2437"]
[WhiteFideId "14919400"]
[BlackFideId "13611860"]
[EventDate "2020.05.26"]

1. e4 d6 2. d4 Nf6 3. Nc3 e5 4. Nf3 Nbd7 5. Bc4 Be7 6. O-O O-O 7. a4 a5 8. Re1
c6 9. h3 h6 10. Bb3 Re8 11. Be3 exd4 12. Bxd4 Nf8 13. Qd2 Be6 14. Bxe6 Nxe6 15.
Rad1 Nxd4 16. Nxd4 Bf8 17. Nf5 Qb6 18. Re3 Kh8 19. Nxd6 Bxd6 20. Qxd6 Rad8 21.
Qf4 Rxd1+ 22. Nxd1 Qb4 23. Nc3 Kg8 24. b3 Nd5 25. Nxd5 cxd5 26. Qc7 dxe4 27. Qd7
Qe7 28. Qxe7 Rxe7 29. Rc3 Re6 30. Kf1 b6 31. Ke2 f5 32. Ke3 Kf7 33. Kd4 Kf6 34.
Kd5 f4 35. Rc4 Re5+ 36. Kc6 Kf5 37. Rd4 e3 38. fxe3 fxe3 39. Rd1 e2 40. Re1 Re6+
41. Kd5 Re8 42. Kc6 Re6+ 43. Kd5 Re5+ 44. Kc6 Rc5+ 45. Kxb6 Rxc2 46. Kxa5 Ke5
47. b4 Kd4 48. b5 Ra2 49. b6 Kc5 50. Rc1+ Kd6 51. Kb5 Rb2+ 52. Ka6 Rd2 53. Re1
Ra2 54. a5 Kd5 55. b7 Rb2 56. Ka7 Kd4 57. b8=Q Rxb8 58. Kxb8 Ke3 59. a6 Kd2 60.
Rxe2+ Kxe2 61. a7 Kf2 62. a8=Q 1-0

[Event "Euro Online U2300 Day 2"]
[Site "chess.com INT"]
[Date "2020.05.26"]
[Round "7"]
[White "Aliakbarov, Anar"]
[Black "Budisavljevic, Luka"]
[Result "0-1"]
[WhiteTitle "FM"]
[BlackTitle "FM"]
[WhiteElo "2219"]
[BlackElo "2444"]
[WhiteFideId "13401858"]
[BlackFideId "960047"]
[EventDate "2020.05.26"]

1. d4 Nf6 2. c4 a6 3. Nc3 c5 4. d5 b5 5. cxb5 axb5 6. e4 b4 7. Nb5 d6 8. Bc4
Nxe4 9. Qe2 Nf6 10. Bf4 Ra6 11. Nxd6+ Rxd6 12. Bb5+ Nbd7 13. Bxd6 Qb6 14. Bc6
Nxd5 15. Bxd5 Qxd6 16. Rd1 e6 17. Nf3 Ba6 18. Bc4 Bxc4 19. Qxc4 Qc6 20. O-O Be7
21. Qd3 Nf6 22. Ne5 Qb7 23. a4 O-O 24. b3 Nd5 25. Qb5 Qc7 26. Rfe1 Bd6 27. Nf3
Nc3 28. Qa6 Nxd1 29. Rxd1 Rd8 30. Kf1 h6 31. Qc4 Be7 32. Rxd8+ Qxd8 33. Ke2 Kf8
34. Ne5 Qc7 35. f4 Bd6 36. Nd3 Ke7 37. g3 Qc6 38. Kf2 Qb6 39. Qe4 Qc7 40. Nb2
Qd7 41. Nc4 Bc7 42. Ke2 Qd5 43. Qxd5 exd5 44. Ne3 Ke6 45. Kd3 Bb6 46. Nc2 g6 47.
h3 f6 48. g4 f5 49. gxf5+ Kxf5 50. Ne3+ Ke6 51. Ng4 h5 52. Ne3 Bc7 53. Ng2 Kf5
54. Ke3 d4+ 55. Kf3 c4 56. bxc4 b3 57. Nh4+ Kf6 58. Ng2 b2 59. Ne1 b1=Q 0-1

[Event "Euro Online U2300 Day 2"]
[Site "chess.com INT"]
[Date "2020.05.26"]
[Round "7"]
[White "Skliarov, Viktor"]
[Black "Krivenko, Sergey"]
[Result "1-0"]
[WhiteTitle "IM"]
[WhiteElo "2376"]
[BlackElo "2279"]
[WhiteFideId "14106736"]
[BlackFideId "24124753"]
[EventDate "2020.05.26"]

1. e4 e6 2. d4 d5 3. e5 c5 4. c3 Qb6 5. Nf3 Bd7 6. Be2 Bb5 7. c4 Bxc4 8. Bxc4
dxc4 9. d5 Ne7 10. d6 Nec6 11. O-O Nd7 12. Re1 g6 13. Qe2 Qa6 14. a4 Bg7 15. Bf4
Nb6 16. Nc3 O-O 17. Nb5 Nd5 18. Qxc4 Na5 19. Qe4 Qb6 20. Bg5 h6 21. Bd2 a6 22.
Nc3 Nb3 23. Rab1 Qc6 24. Qh4 Nxd2 25. Nxd2 b5 26. Nxd5 Qxd5 27. Nf3 Qb3 28. a5
Rab8 29. Nd2 Qd5 30. Rbd1 Bxe5 31. Nf3 Bd4 32. Nxd4 cxd4 33. Rxd4 Qg5 34. Qxg5
hxg5 35. Re5 Rfd8 36. Rxg5 Rbc8 37. h4 Rc6 38. h5 Rdxd6 39. Rxd6 Rxd6 40. hxg6
f6 41. Rc5 Kg7 42. Rc7+ Kxg6 43. Rb7 Kf5 44. Rb6 Ke5 45. f4+ Kd5 46. Rxd6+ Kxd6
47. g4 e5 48. Kf2 Kd5 49. Ke3 b4 50. b3 Kc5 51. fxe5 fxe5 52. Ke4 Kd6 53. g5 Ke6
54. g6 Kf6 55. g7 Kxg7 56. Kxe5 Kf7 57. Kd6 Ke8 58. Kc7 Ke7 59. Kb6 Kd6 60. Kxa6
Kc6 61. Ka7 Kc7 62. a6 Kc8 63. Kb6 Kb8 64. Kc6 Ka8 65. Kc5 Ka7 66. Kb5 Ka8 67.
Kxb4 1-0

[Event "Euro Online U2300 Day 2"]
[Site "chess.com INT"]
[Date "2020.05.26"]
[Round "7"]
[White "Spyropoulos, Nikolaos"]
[Black "Altarbosh, Ward"]
[Result "1/2-1/2"]
[WhiteTitle "FM"]
[BlackTitle "FM"]
[WhiteElo "2403"]
[BlackElo "2234"]
[WhiteFideId "4298977"]
[BlackFideId "7601450"]
[EventDate "2020.05.26"]

1. e4 e6 2. d4 d5 3. Nc3 Nf6 4. Bg5 dxe4 5. Nxe4 Be7 6. Bxf6 gxf6 7. Nf3 f5 8.
Nc3 a6 9. g3 b5 10. Bg2 Bb7 11. O-O O-O 12. Ne5 Bxg2 13. Kxg2 b4 14. Ne2 Bf6 15.
Qd3 Bxe5 16. dxe5 Qxd3 17. cxd3 Rd8 18. Rfd1 Nd7 19. d4 Nb6 20. Rac1 Rd7 21. Rc6
a5 22. Rdc1 Nd5 23. Kf3 Rdd8 24. R6c4 Kg7 25. Nf4 Nxf4 26. Kxf4 Rd7 27. Ke3 Ra7
28. Rc6 Kf8 29. R1c4 Ke7 30. Kf4 h6 31. g4 fxg4 32. Kxg4 Kf8 33. f4 f5+ 34. exf6
Kf7 35. f5 exf5+ 36. Kf4 Rd5 37. R4c5 Rxd4+ 38. Kxf5 Rd7 39. h3 a4 40. h4 a3 41.
bxa3 bxa3 42. h5 Rb7 43. Ke5 Ra7 44. Kf5 Rb7 45. Ke5 Rb2 46. Rxc7 Re2+ 47. Kf4
Rxc7 48. Rxc7+ Kxf6 49. Rc6+ Kg7 50. Kf5 Rf2+ 51. Ke5 Rxa2 52. Rc7+ Kf8 53. Kf6
Re2 54. Ra7 Rf2+ 55. Kg6 a2 56. Kxh6 Rg2 57. Ra8+ Kf7 58. Ra7+ Kf6 59. Ra6+ Kf7
60. Ra7+ Kf6 61. Ra6+ Kf5 62. Kh7 Rb2 63. h6 Kg5 64. Ra5+ Kf6 65. Ra6+ Ke7 66.
Ra7+ Kd6 67. Ra6+ Kc7 68. Kg8 Rg2+ 69. Kh8 1/2-1/2

[Event "Euro Online U2300 Day 2"]
[Site "chess.com INT"]
[Date "2020.05.26"]
[Round "7"]
[White "Gombocz, Ferenc Jr."]
[Black "Dmitrenko, Viktor"]
[Result "0-1"]
[WhiteTitle "FM"]
[BlackTitle "IM"]
[WhiteElo "2209"]
[BlackElo "2456"]
[WhiteFideId "775029"]
[BlackFideId "14110270"]
[EventDate "2020.05.26"]

1. c4 Nf6 2. g3 e5 3. Bg2 c6 4. d4 Bb4+ 5. Bd2 Bxd2+ 6. Qxd2 d6 7. dxe5 dxe5 8.
Qxd8+ Kxd8 9. Nc3 Be6 10. O-O-O+ Kc7 11. b3 Nbd7 12. Nf3 h6 13. Nd2 Ng4 14. Rdf1
f5 15. h3 Ngf6 16. e4 f4 17. g4 Nc5 18. Kc2 a5 19. Rd1 Bf7 20. f3 Rhd8 21. Ndb1
Ne6 22. Ne2 Nd7 23. Rd2 a4 24. Nbc3 axb3+ 25. axb3 Ndc5 26. Rxd8 Rxd8 27. Rd1
Ra8 28. Kb2 Na6 29. Na2 Nac5 30. Nac3 b6 31. b4 Na4+ 32. Nxa4 Rxa4 33. Kb3 b5
34. Bf1 Ng5 35. Nc3 Ra8 36. Kb2 bxc4 37. Bg2 Ne6 38. Ne2 c5 39. bxc5 Nxc5 40.
Nc3 Nd3+ 41. Kc2 Rb8 42. Rb1 Rxb1 43. Kxb1 Kc6 44. Bf1 Kc5 45. Bxd3 cxd3 46. Kc1
Kd4 47. Kd2 Bc4 48. Nd1 g5 49. Nb2 Bb5 50. Nd1 Ba4 51. Nc3 Bc6 52. Nd1 Bxe4 53.
fxe4 Kxe4 54. Nf2+ Kf3 55. Nxd3 e4 56. Ne5+ Kf2 57. Kd1 f3 58. Kc2 e3 59. Nd3+
Kf1 60. Kd1 e2+ 61. Kd2 f2 62. Ke3 e1=Q+ 63. Nxe1 fxe1=Q+ 64. Kf3 Qe2+ 0-1

[Event "Euro Online U2300 Day 2"]
[Site "chess.com INT"]
[Date "2020.05.26"]
[Round "7"]
[White "Samaridis, Konstantinos"]
[Black "Maximov, Oleg"]
[Result "1/2-1/2"]
[WhiteElo "2105"]
[BlackElo "2219"]
[WhiteFideId "4262867"]
[BlackFideId "4176960"]
[EventDate "2020.05.26"]

1. e4 c5 2. Nf3 g6 3. c4 Bg7 4. Nc3 Nc6 5. d3 d6 6. g3 Nf6 7. Bg2 O-O 8. O-O a6
9. h3 Rb8 10. a4 Ne8 11. Be3 Nc7 12. d4 cxd4 13. Nxd4 Ne6 14. Nde2 Ne5 15. b3
Nc5 16. Rb1 a5 17. f4 Ned3 18. Bd4 Bxd4+ 19. Nxd4 e5 20. Nde2 f5 21. Kh2 Be6 22.
Nc1 Nb4 23. N1e2 Qe7 24. Rb2 Rbd8 25. Rd2 Kh8 26. exf5 gxf5 27. Nb5 e4 28. Rxd6
Rxd6 29. Qxd6 Qxd6 30. Nxd6 Rd8 31. Nb5 Nxb3 32. Nec3 Bxc4 33. Rb1 Rd2 34. g4
Nd3 35. gxf5 Nxf4 36. Rg1 e3 37. Kg3 Nxg2 38. Rxg2 e2 39. Nxe2 Rxe2 40. Rxe2
Bxe2 41. Nc3 Bd3 42. Kf4 Kg7 43. Ke5 Kf7 44. f6 Bf1 45. Ne4 Kf8 46. h4 Bg2 47.
Ng5 h6 48. Ne6+ Kf7 49. Nd8+ Ke8 50. f7+ Ke7 51. Kf5 Bd5 52. Kg6 Kf8 53. Kxh6
Bxf7 54. Nxb7 Bd5 55. Nxa5 Nxa5 56. Kg5 Bb3 57. h5 Bxa4 58. h6 Kg8 59. h7+ Kxh7
60. Kf6 Nc4 61. Ke6 Ne3 62. Kf6 Bb3 63. Kg5 Kg7 64. Kf4 Nd5+ 65. Ke5 Nf6 66. Kf5
Kf7 67. Ke5 Ba2 68. Kd6 Ng4 69. Kc5 Ke6 70. Kd4 Kd6 71. Kc3 Kc5 72. Kb2 Bd5 73.
Kc3 Ne5 74. Kd2 Kd4 75. Kc2 Nc4 76. Kb3 Kd3 77. Ka2 Kc2 78. Ka1 Be6 79. Ka2 Nd2+
80. Ka1 Nb3+ 81. Ka2 Nc1+ 82. Ka1 Nb3+ 83. Ka2 Bd5 84. Ka3 Kc3 85. Ka2 Be4 86.
Ka3 Nc1 87. Ka4 Bc6+ 88. Ka3 Bd5 89. Ka4 Bc4 90. Ka3 Nd3 91. Ka4 Ne5 92. Ka3 Nd7
93. Ka4 Nc5+ 94. Ka3 Ne4 95. Ka4 Nd2 96. Ka3 Nb1+ 97. Ka4 Bd3 98. Ka5 Kd4 99.
Kb4 Nd2 100. Ka3 Kc3 101. Ka2 Bc2 102. Ka1 Nb3+ 103. Ka2 Bd3 104. Ka3 Bb1 105.
Ka4 Kc4 106. Ka3 Kc3 107. Ka4 Nd4 108. Ka5 Kc4 109. Kb6 Kd5 1/2-1/2

[Event "Euro Online U2300 Day 2"]
[Site "chess.com INT"]
[Date "2020.05.26"]
[Round "7"]
[White "Zubcu, Vlad-George"]
[Black "Mostbauer, Florian"]
[Result "0-1"]
[BlackTitle "FM"]
[WhiteElo "2199"]
[BlackElo "2309"]
[WhiteFideId "1219715"]
[BlackFideId "1626671"]
[EventDate "2020.05.26"]

1. d4 d5 2. c4 c6 3. Nc3 Nf6 4. Bg5 Ne4 5. Nxe4 dxe4 6. Be3 e5 7. dxe5 Qa5+ 8.
Bd2 Qxe5 9. Bc3 Qg5 10. e3 Na6 11. Ne2 Bg4 12. h3 Rd8 13. Qc2 Bxe2 14. Qxe4+ Be7
15. Bxe2 Nc5 16. Qg4 Qxg4 17. hxg4 O-O 18. Rd1 Ne4 19. Bd4 Bb4+ 20. Kf1 c5 21.
Be5 Rxd1+ 22. Bxd1 Rd8 23. Bc2 Nd2+ 24. Kg1 Nxc4 25. Bxh7+ Kf8 26. Bf4 Rd1+ 27.
Kh2 Rxh1+ 28. Kxh1 g6 29. Bh6+ Ke7 30. f4 Nxe3 31. Bg5+ Kf8 32. Bh6+ Ke7 33.
Bg5+ f6 34. Bh4 Kf7 35. f5 g5 36. Bg6+ Ke7 37. Bg3 Nxg4 38. Kg1 c4 39. Kf1 Bd6
40. Be1 b5 41. Ke2 b4 42. Kd2 a5 43. Bh5 Bf4+ 44. Ke2 Ne5 45. Bf2 Bc1 46. Bc5+
Kd7 47. Bd4 Kd6 48. Kd1 Bf4 49. Be2 Kd5 50. Bb6 a4 51. Ba5 b3 52. axb3 axb3 53.
Bc3 Nd7 54. Bf3+ Kd6 55. Be2 Be5 56. Bxc4 Bxc3 57. bxc3 b2 58. Kc2 Ne5 59. Be2
Kd5 60. Kxb2 Ke4 61. g4 Ke3 62. Bd1 Kd2 63. Ba4 Nxg4 64. c4 Ne5 65. c5 Nd3+ 66.
Ka3 Nxc5 67. Bc6 Ke3 68. Kb4 Ne4 69. Kc4 Ng3 70. Bd7 Ke4 71. Kc3 Nxf5 72. Kd2
Kf4 73. Ke2 Nd4+ 74. Kf2 f5 75. Bc8 Nc6 76. Bb7 Ne5 77. Bc8 g4 78. Kg2 Nc4 79.
Kf2 g3+ 80. Kg2 Ne3+ 81. Kg1 Kg5 82. Bb7 f4 83. Bf3 Kh4 84. Be2 Kg5 85. Bf3 Nf5
86. Bc6 Nh4 87. Bd5 f3 88. Bc6 Kf4 89. Bb7 Ke3 90. Bc6 Ng6 91. Bb7 Ne5 92. Bd5
Ng4 93. Bc6 Ke2 94. Bb5+ Ke1 95. Ba6 Ne3 96. Bb5 f2+ 97. Kh1 g2+ 0-1

[Event "Euro Online U2300 Day 2"]
[Site "chess.com INT"]
[Date "2020.05.26"]
[Round "7"]
[White "Karaoglan, Doruk"]
[Black "Timagin, Petr"]
[Result "1/2-1/2"]
[WhiteTitle "CM"]
[BlackTitle "FM"]
[WhiteElo "2230"]
[BlackElo "2337"]
[WhiteFideId "6390927"]
[BlackFideId "4137698"]
[EventDate "2020.05.26"]

1. e4 c5 2. Nc3 Nc6 3. g3 g6 4. Bg2 Bg7 5. d3 d6 6. f4 e6 7. Nf3 Nge7 8. O-O Rb8
9. Be3 Nd4 10. e5 Nef5 11. Bf2 dxe5 12. Nxe5 O-O 13. Ne4 f6 14. Nc4 b6 15. a4
Bb7 16. a5 Qc7 17. axb6 axb6 18. c3 Nb5 19. Qc2 Kh8 20. b4 cxb4 21. Bxb6 Qc6 22.
cxb4 Nfd4 23. Qf2 f5 24. Nc5 Qxg2+ 25. Qxg2 Bxg2 26. Kxg2 Nc2 27. Rae1 Nxe1+ 28.
Rxe1 Bc3 29. Rxe6 Bxb4 30. Na6 Rfe8 31. Rxe8+ Rxe8 32. Nxb4 Re2+ 33. Kf3 Rxh2
34. d4 Rh1 35. d5 Rb1 36. Nc6 Rb3+ 37. Kg2 Rc3 38. N4e5 Rc2+ 39. Kh3 Kg7 40. Bd8
Nd6 41. Be7 Ne4 42. d6 Nf2+ 43. Kg2 Ne4+ 44. Kf3 Rc3+ 45. Ke2 Nxg3+ 46. Kd1 Rc5
47. d7 Rd5+ 48. Ke1 Nh5 49. d8=Q Rxd8 50. Bxd8 Nxf4 51. Kf2 Ne6 52. Ba5 Nc5 53.
Kf3 Ne4 54. Nd4 Kf6 55. Nec6 g5 56. Bd8+ Kg6 57. Ne5+ Kh5 58. Nxf5 Nd2+ 59. Ke2
Ne4 60. Ke3 Nc3 61. Nf7 Kg6 62. N5d6 Nd5+ 63. Kd4 Nf4 64. Nxg5 h6 65. Nf3 Ne6+
66. Ke5 Nxd8 67. Nh4+ Kg5 68. Nhf5 Nc6+ 69. Ke4 h5 70. Nf7+ Kf6 71. N7h6 h4 72.
Nxh4 Nd4 73. N6f5 Nxf5 1/2-1/2

[Event "Euro Online U2300 Day 2"]
[Site "chess.com INT"]
[Date "2020.05.26"]
[Round "7"]
[White "Lopez Varela, Pablo"]
[Black "Golubenko, Valentina"]
[Result "1-0"]
[BlackTitle "WGM"]
[WhiteElo "2177"]
[BlackElo "2209"]
[WhiteFideId "32092105"]
[BlackFideId "4501993"]
[EventDate "2020.05.26"]

1. e4 g6 2. Nf3 Bg7 3. d4 c5 4. Bc4 cxd4 5. c3 Nc6 6. O-O d6 7. Nxd4 Nf6 8. Re1
O-O 9. Bb3 e5 10. Nc2 Be6 11. Bg5 Qc7 12. Bxf6 Bxf6 13. Ne3 Ne7 14. Na3 a6 15.
Nac2 Rad8 16. Nb4 Bg5 17. Ned5 Nxd5 18. Bxd5 a5 19. Nc2 Qb6 20. Rb1 Rc8 21. Na3
Bxd5 22. Qxd5 Rc5 23. Qd3 Qc6 24. c4 f5 25. f3 Bh4 26. g3 Be7 27. b3 fxe4 28.
fxe4 Qd7 29. Nc2 Bg5 30. Rbd1 Rc6 31. Qd5+ Qf7 32. Rf1 Qxd5 33. Rxd5 Rxf1+ 34.
Kxf1 b6 35. Na3 Kf7 36. Nb5 Ke6 37. Ke2 Be7 38. Kf3 h5 39. Nc3 Rc8 40. Rb5 Rf8+
41. Ke2 Bd8 42. Nd5 h4 43. Nxb6 g5 44. Nd5 g4 45. Ne3 hxg3 46. hxg3 Rf3 47. Nxg4
Rxg3 48. Ne3 Bg5 49. Nf5 Rg2+ 50. Kd3 Rxa2 51. Rb6 Rd2+ 52. Kc3 Rf2 53. Rxd6+
Kf7 54. c5 Bf4 55. c6 Rf1 56. Rd7+ Kf6 57. Kc4 Rc1+ 58. Kb5 Rc3 59. c7 Rxb3+ 60.
Kxa5 Rc3 61. Kb6 Rb3+ 62. Ka7 Ra3+ 63. Kb8 Rb3+ 64. Ka7 Ra3+ 65. Kb6 Rb3+ 66.
Ka5 Rc3 67. Kb5 Rc1 68. Rd6+ Kg5 69. Rc6 Rb1+ 70. Ka4 Ra1+ 71. Kb3 Rb1+ 72. Ka2
Rd1 73. c8=Q Rd2+ 74. Rc2 Kg4 75. Qg8+ Kf3 76. Rxd2 Bxd2 77. Qd5 Ke2 78. Ng3+
Ke3 79. Nf1+ 1-0

[Event "Euro Online U2300 Day 2"]
[Site "chess.com INT"]
[Date "2020.05.26"]
[Round "7"]
[White "Khalafova, Narmin"]
[Black "Gavilan Diaz, Mario"]
[Result "0-1"]
[WhiteTitle "WGM"]
[BlackTitle "FM"]
[WhiteElo "2279"]
[BlackElo "2278"]
[WhiteFideId "13402625"]
[BlackFideId "2260905"]
[EventDate "2020.05.26"]

1. e4 e5 2. Nf3 Nc6 3. Bb5 Nf6 4. d3 Bc5 5. O-O Nd4 6. Ba4 Nxf3+ 7. Qxf3 O-O 8.
h3 h6 9. Nc3 d6 10. Ne2 c6 11. c3 b5 12. Bc2 Re8 13. Ng3 a5 14. Nf5 Bxf5 15.
Qxf5 a4 16. Rd1 Bb6 17. d4 Qe7 18. Be3 Ba7 19. Re1 Nd7 20. Rad1 Nf8 21. f4 Ng6
22. dxe5 Bxe3+ 23. Rxe3 dxe5 24. Rd7 Qf8 25. g3 Re6 26. fxe5 Nxe5 27. Rd4 Qc5
28. Kg2 b4 29. Qf2 Rf6 30. Qe2 bxc3 31. bxc3 a3 32. Bb3 Rb8 33. Qd2 Qb6 34. Rb4
Qc7 35. Rxb8+ Qxb8 36. Qc1 Qa7 37. Re2 Nf3 38. e5 Nxe5 39. Qe3 Qxe3 40. Rxe3 Nd7
41. Re8+ Kh7 42. Ra8 Ne5 43. Rxa3 g6 44. Ra7 Kg7 45. a4 Nd3 46. g4 Nc5 47. Bc2
Rd6 48. Kg3 Rd2 49. Bb1 Rb2 50. Rc7 Rxb1 51. a5 Ne4+ 52. Kf4 Nxc3 53. Rxc6 Nd5+
54. Ke5 Nb4 55. Rc7 Re1+ 56. Kd4 Rd1+ 57. Ke4 Re1+ 58. Kd4 Ra1 59. Rc5 Na6 60.
Re5 Ra4+ 61. Kc3 Nc7 62. Kb3 Ra1 63. Rc5 Ne6 64. Rd5 Rb1+ 65. Kc4 Ra1 66. Kb4
Kf6 67. Rd6 Ke5 68. Rd7 f6 69. Kb5 Nd4+ 70. Kb6 Rb1+ 71. Ka7 Nc6+ 72. Ka6 Ke6
73. Rh7 Ra1 74. Rxh6 Nxa5 75. Kb6 Nc4+ 76. Kc5 Ne5 77. Kd4 Re1 78. Rh8 Rh1 79.
Re8+ Kf7 80. Ra8 Rxh3 81. Ra7+ Kg8 82. Kd5 Nxg4 83. Ke6 Re3+ 84. Kd5 Re5+ 85.
Kd6 Ne3 86. Rb7 Nf5+ 87. Kc6 Re6+ 88. Kd5 Re7 89. Rb8+ Kf7 90. Kc4 Rd7 91. Kc5
g5 92. Ra8 g4 0-1

[Event "Euro Online U2300 Day 2"]
[Site "chess.com INT"]
[Date "2020.05.26"]
[Round "7"]
[White "Kacprzak, Karol"]
[Black "Chaqryan, Erik"]
[Result "1/2-1/2"]
[WhiteElo "1988"]
[BlackElo "2231"]
[WhiteFideId "21819327"]
[BlackFideId "13312340"]
[EventDate "2020.05.26"]

1. d4 Nf6 2. Nf3 g6 3. c4 Bg7 4. Nc3 O-O 5. e4 d6 6. Be2 e5 7. O-O Na6 8. Be3 c6
9. a3 Ng4 10. Bg5 f6 11. Bh4 Qe8 12. h3 Nh6 13. dxe5 dxe5 14. b4 Be6 15. c5 Nf7
16. Qa4 f5 17. Nd2 g5 18. Bg3 f4 19. Bh2 Nd8 20. Rfd1 h5 21. f3 Qg6 22. Kf1 Nf7
23. Bc4 g4 24. Bxe6 Qxe6 25. hxg4 hxg4 26. Qb3 Qh6 27. Bg1 Bf6 28. Ne2 Nc7 29.
Nc4 gxf3 30. Qxf3 Ng5 31. Qg4 Bg7 32. Nd6 f3 33. Ng3 Rf4 34. Qh5 Qf6 35. Ndf5
Nxe4 36. Nxe4 fxg2+ 37. Kxg2 Qxf5 38. Qxf5 Rxf5 39. Be3 Nd5 40. Bd2 Raf8 41. Rf1
Rxf1 42. Rxf1 Rxf1 43. Kxf1 Bf8 44. Ke2 Kf7 45. Kf3 Ke6 46. Ng5+ Kf5 47. Ne4 Be7
48. Ng3+ Ke6 49. Ne4 Nc7 50. Nc3 Kf5 51. Ne4 Nb5 52. Ng3+ Ke6 53. a4 Nd4+ 54.
Ke4 b6 55. cxb6 axb6 56. Bc3 c5 57. bxc5 bxc5 58. a5 Bd8 59. a6 Bb6 60. Nh5 Ba7
61. Ng7+ Kd6 62. Ne8+ Kc6 63. Kxe5 Ne2 64. Bb2 c4 65. Ke6 Kb6 66. Nd6 c3 67.
Bxc3 Nxc3 68. Nb7 Kxa6 69. Nd6 Bg1 70. Nc4 Kb5 71. Nd6+ Kc5 72. Nb7+ Kc6 73.
Nd8+ Kc5 74. Nb7+ Kd4 75. Nd6 Bh2 76. Nf5+ Ke4 77. Nd6+ Kd3 78. Nf5 Ne4 79. Kd5
Nc3+ 80. Kc5 Bg1+ 81. Kd6 Ke4 82. Ng3+ Kf4 83. Nh5+ Kg5 84. Ng7 Kf6 85. Ne8+ Kf7
86. Nc7 Bh2+ 87. Kc6 Ne4 88. Nd5 Ke6 89. Nc7+ Ke5 90. Nb5 Bg1 91. Nc7 Ng5 92.
Nb5 Ne6 93. Nc7 Nd4+ 94. Kd7 Bh2 95. Ne8 Bg3 96. Nc7 Bf4 97. Ne8 Bg5 98. Nc7 Bh4
99. Ne8 Be1 100. Nc7 Ba5 101. Ne8 Ne6 102. Kc6 Bd8 103. Kd7 Ba5 104. Kc6 Kf5
105. Nd6+ Kf6 106. Ne4+ Ke5 107. Nc5 Nd4+ 108. Kd7 Kd5 109. Nd3 Bd2 110. Ke7
Nc6+ 111. Kd7 Na5 112. Nf2 Nc4 113. Ng4 Bg5 114. Nf2 Kd4 115. Ke6 Ke3 116. Ng4+
Kf4 117. Nf6 Nd2 118. Nd5+ Ke4 1/2-1/2

[Event "Euro Online U2300 Day 2"]
[Site "chess.com INT"]
[Date "2020.05.26"]
[Round "8"]
[White "Podetti, Davide"]
[Black "Abbasov, Amil1"]
[Result "1/2-1/2"]
[WhiteElo "2173"]
[BlackElo "2172"]
[WhiteFideId "893617"]
[BlackFideId "13402277"]
[EventDate "2020.05.26"]

1. e4 c5 2. Nf3 Nc6 3. Bb5 g6 4. Bxc6 bxc6 5. O-O Bg7 6. Re1 e5 7. c3 Ne7 8. d4
cxd4 9. cxd4 exd4 10. Nxd4 O-O 11. Nc3 Rb8 1/2-1/2

[Event "Euro Online U2300 Day 2"]
[Site "chess.com INT"]
[Date "2020.05.26"]
[Round "8"]
[White "Jaroch, Pawel"]
[Black "Jeszenszky, Jozsef"]
[Result "1/2-1/2"]
[WhiteElo "2199"]
[BlackElo "2099"]
[WhiteFideId "1124366"]
[BlackFideId "753564"]
[EventDate "2020.05.26"]

1. d4 d5 2. c4 e6 3. Nc3 c6 4. cxd5 exd5 5. Nf3 Nf6 6. Bg5 h6 7. Bh4 Bf5 8. e3
Nbd7 9. Bd3 Bxd3 10. Qxd3 Be7 11. O-O O-O 12. Ne5 Nxe5 13. dxe5 Nd7 14. Bg3 Re8
15. f4 Qb6 1/2-1/2

[Event "Euro Online U2300 Day 2"]
[Site "chess.com INT"]
[Date "2020.05.26"]
[Round "8"]
[White "Tsereteli, Tornike"]
[Black "Gallasch, Jonas"]
[Result "0-1"]
[WhiteElo "1735"]
[BlackElo "2090"]
[WhiteFideId "13612565"]
[BlackFideId "16222474"]
[EventDate "2020.05.26"]

1. e4 c6 2. d4 d5 3. e5 c5 4. c3 Nc6 5. f4 Nh6 6. Nf3 Bg4 7. Bb5 e6 8. O-O Qb6
9. Bxc6+ bxc6 10. dxc5 Bxc5+ 11. Kh1 Nf5 12. Qd3 h5 13. Na3 h4 14. Nc2 Ng3+ 0-1

[Event "Euro Online U2300 Day 2"]
[Site "chess.com INT"]
[Date "2020.05.26"]
[Round "8"]
[White "Levin, Guy"]
[Black "Klimkowski, Jan"]
[Result "1/2-1/2"]
[WhiteElo "2213"]
[BlackElo "2193"]
[WhiteFideId "2824213"]
[BlackFideId "21856222"]
[EventDate "2020.05.26"]

1. c4 Nf6 2. Nf3 g6 3. g3 Bg7 4. Bg2 O-O 5. O-O d6 6. d4 Nc6 7. Nc3 Bg4 8. b3
Nd7 9. e3 e5 10. Ne2 exd4 11. Nexd4 Nde5 12. Bb2 Nxd4 13. exd4 Nc6 1/2-1/2

[Event "Euro Online U2300 Day 2"]
[Site "chess.com INT"]
[Date "2020.05.26"]
[Round "8"]
[White "Boykov, Pavel"]
[Black "Galiana Fernandez, Adrian"]
[Result "0-1"]
[BlackTitle "FM"]
[WhiteElo "1788"]
[BlackElo "2260"]
[WhiteFideId "24299278"]
[BlackFideId "32010150"]
[EventDate "2020.05.26"]

1. e4 c5 2. Nf3 d6 3. c3 Nf6 4. Be2 g6 5. O-O Bg7 6. Re1 O-O 7. Bf1 e5 8. h3 Nc6
9. d4 b6 10. Na3 Bb7 11. dxe5 Nxe5 12. Nxe5 dxe5 13. Qxd8 Raxd8 14. Bg5 h6 15.
Bxf6 Bxf6 16. f3 Bg5 17. Red1 f5 18. Bc4+ Kg7 19. Bd5 Bxd5 20. exd5 e4 21. fxe4
fxe4 22. c4 e3 23. Rf1 e2 24. Rxf8 Rxf8 25. Re1 Rf1+ 26. Rxf1 Be3+ 27. Rf2 e1=Q+
28. Kh2 Bxf2 29. Nb5 Qg1# 0-1